Methods for statistical downscaling of GCM simulations (Record no. 5923)

000 -Cabeçalho
Cabeçalho 005330000a22001810004500
001 - Identificador do registo
Identificador do registo 5923
090 ## - Número de controle KOHA
Número biblioitem KOHA 5923
100 ## - Dados gerais de processamento
Dados gerais de processamento 19971202m1997 m||y0pory5003 ba
102 ## - País de publicação ou produção
País de publicação Suécia
200 ## - Título e menção de responsabilidade
Título próprio Methods for statistical downscaling of GCM simulations
Primeira menção de responsabilidade M. Rummukainen
210 ## - Publicação, distribuição, etc.
Lugar da edição, distribuição, etc. Norrkoping
Nome do editor, distribuidor, etc. SMHI
Data da publicação, distribuição, etc. 1997
215 ## - Descrição física
Tipo do material e extensão do item 29 p.
Dimensões 20 cm
225 2# - Coleção
Título próprio da coleção SMHI Reports on Meteorology and climatology
Indicação de volume 80
317 ## - Nota de proveniência
Texto da nota Origem: IM
500 10 - Título uniforme
Título uniforme SMHI Reports on Meteorology and Climatology
Número da parte ou secção 80
606 ## - Nome comum usado como assunto
Palavra de ordem PREVISAO NUMERICA
Subdivisão cronológica IM
675 ## - Classificação Decimal Universal (CDU)
Notação
700 #1 - Nome de pessoa - responsabilidade principal
Palavra de ordem Rummukainen
Outra parte do nome não tomada para palavra de ordem M.
Holdings
Data de aquisição Número de registo Biblioteca de aquisição Biblioteca de empréstimo Cota Fim da data de empréstimo Permissão de empréstimo Tipo de documento
2019-04-16 Reg. 6744 Biblioteca da Sede Biblioteca da Sede E. 17 2019-04-16    

Powered by Koha